Missing Word: Chris Pratt Quiz Stats

Quiz Updated Jun 28, 2017

Challenge
Share
Tweet
Embed
Score 0/14 Timer 02:00
0 Plays Today
Movie Title Missing Word % Correct
Guardians of the _____Galaxy
95.9%
Zero _____ ThirtyDark
92.3%
What's _____ Number?Your
89.7%
The Five-_____ EngagementYear
89.7%
Jurassic _____World
89.2%
Take Me _____ TonightHome
88.4%
The _____ SevenMagnificent
73.3%
Movie Title Missing Word % Correct
Delivery _____Man
63.2%
Jennifer's _____Body
63.2%
Bride _____Wars
58.9%
_____ the TalkWalk
58.6%
The _____ MovieLego
48.4%
_____ with CandyStrangers
41.7%
_____ 43Movie
32.1%

Today's Daily Dose

You're not logged in!

Compare scores with friends on all Sporcle quizzes.
Sign Up with Email
OR
Log In

You Might Also Like...

Show Comments

Extras

Top Quizzes Today


Score Distribution

Your Account Isn't Verified!

In order to create a playlist on Sporcle, you need to verify the email address you used during registration. Go to your Sporcle Settings to finish the process.

Report this User

Report this user for behavior that violates our Community Guidelines.

Details: